Products of conjugacy classes in groups

Αποθηκεύτηκε σε:
Λεπτομέρειες βιβλιογραφικής εγγραφής
Άλλοι συγγραφείς: Arad, Z. (Zvi), 1942-2018 (Επιμελητής έκδοσης), Herzog, M. (Marcel), 1935- (Επιμελητής έκδοσης)
Μορφή: Βιβλίο
Γλώσσα:English
Δημοσίευση: Berlin : Springer-Verlag, c1985.
Σειρά:Lecture notes in mathematics (Springer-Verlag) ; 1112
Θέματα:
Ετικέτες: Προσθήκη ετικέτας
Δεν υπάρχουν, Καταχωρήστε ετικέτα πρώτοι!

MARC

LEADER 00000cam a2200000 i 4500
001 1/62404
008 941103s1985 gw ||| | eng||
020 |a 3540139168 
035 |a 1993  |l 10046607 
040 |a GR-MyUA  |b gre  |e AACR2 
041 0 |a eng 
082 0 |a 512.2  
245 1 0 |a Products of conjugacy classes in groups /   |c edited by Z. Arad and M. Herzog.  
246 3 3 |a Conjugacy classes in groups 
260 |a Berlin :   |b Springer-Verlag,   |c c1985.  
300 |a 244 σ. ;   |c 25 εκ.  
490 1 |a (Lecture notes in mathematics (Springer-Verlag)   |v ; 1112) 
500 |a Περιέχει βιβλιογραφικές αναφορές.  
650 0 0 |a Group theory. 
700 1 |a Arad, Z.   |q (Zvi),   |d 1942-2018,  |e edt 
700 1 |a Herzog, M.   |q (Marcel),   |d 1935-  |e edt 
830 0 |a Lecture notes in mathematics (Springer-Verlag)  |v  ; 1112 
852 |a INST  |b SAMOS  |e 19941103  |h 512.2 PRO  |p 005300006972  |q 005300006972  |t BK  |y 0 
909 |a Σ  |b 028976